banner-ar

KUWAIT-IRAQ BOUNDARY DEMARCATION: HISTORICAL RIGHTS AND INTERNATIONAL WILL / (Record no. 11387)

MARC details
000 -الفاتح
حقل البيانات ثابتة الطول 00678nam a2200217Ia 4500
008 - عناصر البيانات ثابتة الطول - معلومات عامة
حقل البيانات ثابتة الطول 140319s9999 xx 000 0 eng d
040 ## - مصدر الفهرسة
وكالة الفهرسة الأصلية GCL /
وكالة النسخ GCL
082 04 - رقم تصنيف ديوى العشرى
رقم التصنيف 341.42
رقم المادة G K
100 1# - المدخل الرئيسى - إسم شخصى
الإسم الشخصى AL-GHUNAIN, ABDULLAH YOSUF
245 10 - بيان العنوان
العنوان KUWAIT-IRAQ BOUNDARY DEMARCATION: HISTORICAL RIGHTS AND INTERNATIONAL WILL /
بيان المسئوليه,etc AL-GHUNAIN, ABDULLAH YOSUF
700 1# - المدخل الاضافى - اسم شخصى
الإسم الشخصى PANEL OF SPECIALISTS
260 ## - PUBLICATION, DISTRIBUTION, ETC. (IMPRINT)
تاريخ النشر أو التوزيع 1994
300 ## - الوصف المادى
التعداد 227 P
650 04 - المدخل الاضافى بالموضوع-مصطلح موضوعى
مصطلح موضوعي KUWAIT
650 04 - المدخل الاضافى بالموضوع-مصطلح موضوعى
مصطلح موضوعي KUWAIT - IRAQ
650 04 - المدخل الاضافى بالموضوع-مصطلح موضوعى
مصطلح موضوعي KUWAIT - INTERNATIONAL BOUDARY
650 04 - المدخل الاضافى بالموضوع-مصطلح موضوعى
مصطلح موضوعي IRAQ INTERNATIONAL BOUDARY
650 04 - المدخل الاضافى بالموضوع-مصطلح موضوعى
مصطلح موضوعي INTERNATIONAL BOUNDARY
942 ## - عناصر المدخل الإضافي( كوها)
مصدر التصنيف او مخطط الترفيف Dewey Decimal Classification
Koha [default] item type كتاب
260 ## - PUBLICATION, DISTRIBUTION, ETC. (IMPRINT)
-- [S.N] :
-- CENTER FOR RESEARCH AND STUDIES ،
Holdings
حالة التراجع حالة الفقد حالة تلف ليس للاعارة المكان المؤقت الموقع الحالى تاريخ الاكتساب اجمالي اﻻعارات رقم الطلب الباركود تاريخ اخر مشاهدة تاريخ تفعيل السعر نوع وعاء كوها مصدر التصنيف او خطة الترفيف
        مكتبة القاهرة الكبرى مكتبة القاهرة الكبرى 03/26/2014   341.42\G K 22542 03/26/2014 03/26/2014 كتاب  
        مكتبة القاهرة الكبرى مكتبة القاهرة الكبرى 12/03/2022   341.42\G K 168935 12/03/2022 12/03/2022 كتاب ddc

Powered By

EGPV